Deadmau5 Songs - Statistics

General Stats
  • This quiz has been taken 223 times
    146 since last reset
  • The average score is 26 of 96
Answer Stats
Album Song % Correct
For Lack of a Better Name Ghosts 'n' Stuff
88%
For Lack of a Better Name Strobe
74%
Random Album Title I Remember
71%
4x4=12 Raise Your Weapon
69%
Album Title Goes Here Professional Griefers
58%
Album Title Goes Here The Veldt
56%
For Lack of a Better Name Moar Ghosts 'n' Stuff
55%
4x4=12 Some Chords
52%
Random Album Title Brazil
51%
4x4=12 Sofi Needs a Ladder
51%
Random Album Title Faxing Berlin
48%
Album Title Goes Here Maths
45%
Album Title Goes Here Channel 42
42%
For Lack of a Better Name FML
41%
Random Album Title Sometimes Things Get, Whatever
41%
Random Album Title Arguru
40%
For Lack of a Better Name Bot
40%
Album Title Goes Here Fn Pig
40%
For Lack of a Better Name Soma
39%
while(1<2) Avaritia
38%
Random Album Title Slip
38%
4x4=12 A City in Florida
36%
For Lack of a Better Name Lack of a Better Name
36%
4x4=12 Right This Second
36%
while(1<2) Seeya
36%
For Lack of a Better Name Hi Friend!
35%
Album Title Goes Here Superliminal
35%
4x4=12 Animal Rights
34%
Random Album Title Complications
34%
while(1<2) Phantoms Can't Hang
34%
Album Title Goes Here Telemiscommunications
34%
Album Title Goes Here There Might Be Coffee
33%
4x4=12 Cthulhu Sleeps
32%
For Lack of a Better Name The 16th Hour
32%
Album Title Goes Here October
29%
4x4=12 One Trick Pony
29%
while(1<2) My Pet Coelacanth
28%
Album Title Goes Here Sleepless
28%
Random Album Title Alone With You
27%
4x4=12 Bad Selection
27%
Album Title Goes Here Closer
27%
Album Title Goes Here Failbait
27%
while(1<2) Gula
27%
Random Album Title Not Exactly
27%
while(1<2) Infra Turbo Pigcart Racer
26%
while(1<2) Ira
26%
while(1<2) Pets
26%
while(1<2) Acedia
25%
For Lack of a Better Name Word Problems
25%
while(1<2) Errors in My Bread
24%
while(1<2) Coelacanth I
22%
while(1<2) Coelacanth II
22%
4x4=12 Everything Before
22%
while(1<2) Mercedes
22%
Album Title Goes Here Take Care of the Proper Paperwork
22%
while(1<2) Terrors in My Head
22%
while(1<2) Bleed
21%
4x4=12 I Said
21%
Random Album Title So There I Was
21%
while(1<2) Invidia
20%
while(1<2) Survivalism
20%
Get Scraped 8bit
19%
while(1<2) Creep
19%
while(1<2) Ice Age
19%
while(1<2) Monday
19%
Random Album Title Some Kind of Blue
19%
Get Scraped The Oshawa Connection
18%
Vexillology 1981
16%
Get Scraped Bored of Canada
15%
Get Scraped Careless
15%
Vexillology Dr. Funkenstein
15%
Get Scraped Intelstat
15%
Vexillology Orca
15%
while(1<2) A Moment to Myself
14%
Vexillology Bounce
14%
while(1<2) Rlyehs Lament
14%
while(1<2) Superbia
14%
Get Scraped Unspecial Effects
14%
Vexillology Lai
13%
Vexillology Fustercluck
12%
Get Scraped Sometimes I Fail
12%
Vexillology Trepid
12%
Get Scraped Edit Your Friends
11%
Get Scraped Try Again
11%
Get Scraped FlashTV
9%
Vexillology Plus
9%
Get Scraped Satisfaction
9%
while(1<2) Silent Picture
9%
while(1<2) Somewhere Up Here
9%
Get Scraped Support
9%
Get Scraped Waking Up from the American Dream
9%
Vexillology Apply Overnight
8%
Get Scraped I Forget
8%
Get Scraped Overdraft
7%
Vexillology TL7
7%
Get Scraped Message from Nowhere
6%
No matching quizzes found
Score Distribution
Percent of People with Each Score
Percentile by Number Answered
Your Score History
You have not taken this quiz since the last reset